000 00754nam a2200193 4500
999 _c16420
_d16420
008 220211b ||||| |||| 00| 0 eng d
020 _a978-6-214-18018-9 (paperback)
082 _22017
_aDFil 363.24
_bN112
100 _aNabe, Nestor C., author
_943886
245 _aLaboratory manual in police photography/
_cNestor C. Nabe, Andre A. Cardenas, Ivy Q. Malibiran.
260 _aQuezon City :
_bWiseman's Books Trading,
_c[2017].
300 _aiv, 47 pages ;
_c28 cm.
500 _aIncludes bibliographical references.
650 _aPolice photography.
_943887
650 _aPolice photography -- Handbooks, manuals, etc.
_943888
700 _aCardenas, Andre A., author.
_943889
700 _aMalibiran, Ivy Q., author.
_943890
942 _2ddc
_cDFIL